000 00626nam a2200205 a 4500
005 20210223122433.0
008 991125s1973 mx 000 0 spa u
035 _aUPN01000035678
049 _aCG
050 4 _aQA59
_bF4.48
110 2 _aFederal Electric Corporation
245 1 0 _aLogaritmos /
_cFederal Electric Corporation ; por Henry Shleuder ; tr. Ricardo Vinos.
260 _aMéxico :
_bLimusa,
_c1973.
300 _a236 p. :
_btablas
440 0 _aInstrucción programada
650 4 _aLOGARITMOS
650 4 _aMATEMATICAS -
_vTABLAS, CALCULO, ETC.
_919094
700 1 _aShleuder, Henry,
_ecoaut.
905 _aLibro
999 _c35678
_d35678